000 00701cam a22002053a 4500
001 41673
003 PGUSA
005 20140828083936.0
008 121220s2012||||xxu|||||s|||||000 | eng d
040 _aPGUSA
_beng
042 _adc
100 1 _aLoring, Caleb William
245 1 0 _aNullification, Secession Webster's Argument and the Kentucky and Virginia Resolutions :
_bConsidered in Reference to the Constitution and Historically
_h[electronic resource] /
_cCaleb William Loring
260 _bProject Gutenberg,
_c2012
506 _aPublic domain in the USA.
516 _aElectronic text
830 0 _aProject Gutenberg
_v41673
856 4 0 _uhttp://www.gutenberg.org/ebooks/41673
942 _cEB
999 _c270925
_d270925